Biblioteca

Atlas de la Biblia (Registro nro. 64934)

Detalles MARC
000 -LÍDER
Campo fijo de descripción fija 01535nam a22003257a 4500
001 - NÚMERO DE CONTROL
Campo de control 768714001
003 - IDENTIFICADOR DEL NÚMERO DE CONTROL
Campo de control CO-MdFUSB
005 - FECHA Y HORA DE LA ULTIMA TRANSACCIÓN
control field 20190410063414.0
008 - ELEMENTOS DE LONGITUD FIJA -- INFORMACIÓN GENERAL
Campo fijo de descripción fija -- Información general 190408t2017 sp aboj| |||| 00| 0 spa d
020 ## - NÚMERO INTERNACIONAL NORMALIZADO PARA LIBROS
Número Internacional Normalizado del libro 9788427140585
040 ## - FUENTE DE CATALOGACIÓN
Agencia de catalogación original CO-MdFUSB
Idioma de catalogación spa
Agencia que realiza la transcripción CO-MdFUSB
Agencia que realiza la modificación CO-MdFUSBC
Convenciones de la descripción rda
041 ## - CÓDIGO DE IDIOMA
Código de idioma para texto/pista de sonido o título separado spa
082 ## - NÚMERO DE CLASIFICACIÓN DECIMAL DEWEY
Número de la edición del Dewey 22
Número de clasificación 220.9
Clave de autor-Numero de item AT 881
240 ## - TITULO UNIFORME
Título uniforme <a href="Henders neuer bibelatlas ">Henders neuer bibelatlas </a>
245 ## - TÍTULO
Título del Material Atlas de la Biblia
Mención de responsabilidad, etc. / Dirigido por: Wolfgang Zwickel, Renate Egger - Wenzel, Michael Ernst.
264 #1 - PRODUCCIÓN, PUBLICACIÓN, DISTRIBUCIÓN, MANUFACTURA, Y COPYRIGHT
Lugar de producción, publicación, distribución, manufactura España
Nombre del productor, publicador, distribuidor Mensajero,
Fecha de producción, publicación, distribución, manufactura, o copyright [2017]
264 #4 - PRODUCCIÓN, PUBLICACIÓN, DISTRIBUCIÓN, MANUFACTURA, Y COPYRIGHT
Fecha de producción, publicación, distribución, manufactura, o copyright ©2017
300 ## - DESCRIPCIÓN FÍSICA
Extensión 399 páginas
Dimensiones ; 33 cm
Otros detalles físicos Mapas a color, ilustraciones, fotografías.
336 ## - TIPO DE CONTENIDO
Fuente rdacontent
Término de tipo de contenido texto
Código de tipo de contenido txt
337 ## - TIPO DE MEDIO
Fuente rdamedia
Nombre del tipo de medio sin mediación
Código del tipo de medio n
338 ## - TIPO DE SOPORTE
Fuente rdacarrier
Nombre del tipo de soporte volumen
Código Tipo de soporte nc
504 ## - NOTA DE BIBLIOGRAFÍA, ETC.
Nota de bibliografía, etc Incluye bibliografía (páginas 344-345)
505 ## - NOTA DE CONTENIDO
Nota de contenido con formato preestablecido Conocimiento del medio. -- El próximo Oriente en los milenios tercero y segundo a. C.-- Antiguo Testamento; En el principio. -- La prehistoria de Israel. -- La protohistoria de Israel. -- El comienzo de la época monárquica. -- La época de los reinos divididos: Israel. -- La época de los reinos divididos: Judá. -- los persas. -- La época helenística.-- Nuevo Testamento: La dominación romana en Palestina. -- El tiempo de Jesús. -- Expansión del cristianismo.
563 ## - NOTA DE ENCUADERNACIÓN
Nota de encuadernación Rústico
650 #0 - ASIENTO SECUNDARIO DE MATERIA - TERMINO TEMÁTICO
9 (RLIN) 16
Término temático o nombre geográfico como elemento de entrada Biblia
Subdivisión de forma Atlas
700 ## - ASIENTO SECUNDARIO - NOMBRE PERSONAL
Nombre personal Zwickel, Wolfgang,
Responsabilidad director
9 (RLIN) 1599
700 ## - ASIENTO SECUNDARIO - NOMBRE PERSONAL
Nombre personal Egger- Wenzel, Renate,
Responsabilidad director
9 (RLIN) 1600
700 ## - ASIENTO SECUNDARIO - NOMBRE PERSONAL
9 (RLIN) 1601
Nombre personal Ernst, Michael
Responsabilidad director
942 ## - TIPO DE MATERIAL (KOHA)
Tipo de Item KOHA Libros de Referencia
Existencias
Estado de Material Estado de Perdido Forma de Clasificación Estado de Dañado No para Préstamo Colección Biblioteca de Origen Biblioteca Permanente Fecha de Adquisición Forma de Adquisición Total de Préstamos Signatura Topográfica Código de Barras Última vez visto Última vez Préstado Ejemplar/Existencia Tipo de Material
    Dewey Decimal Classification     Colección de Referencia Biblioteca FUSBC Biblioteca FUSBC 08/04/2019 compra 1 R 220.9 AT881 7425 18/10/2025 24/09/2019 Ej. 1 Libros de Referencia

Biblioteca FUSBC | Teléfono: (57+4) 349 88 10 Ext. 141| WhatsApp (+57) 3005338115 
E-mail: biblioteca@unisbc.edu.co | Calle 76 87-14 Robledo Palenque, Medellín, Colombia

Con tecnología Koha